[Event "ESP-chT Primera Division 2019"]
[Site "Linares"]
[Date "2019.08.28"]
[Round "3.12"]
[White "Semenova, Elena"]
[Black "Garcia Elio, Elisa"]
[Result "1-0"]
[WhiteElo "2330"]
[BlackElo "1812"]
[Annotator "TA"]
[PlyCount "146"]
[EventDate "2019.08.26"]
[EventType "team-tourn"]
[EventCountry "ESP"]
[SourceTitle "playchess.com"]
[Source "ChessBase"]
[SourceQuality "1"]

{[%evp 24,146,50,29,64,62,99,71,135,41,38,24,29,29,29,30,30,30,28,34,34,22,34,27,35,27,54,13,14,2,12,15,42,43,44,29,116,116,113,118,149,156,193,183,187,181,179,171,268,276,269,280,273,242,302,268,358,342,342,339,379,376,379,375,365,356,347,333,467,466,467,447,406,321,321,281,319,163,511,307,354,233,623,587,549,615,669,561,664,597,602,594,562,544,537,463,587,543,1001,757,999,966,889,843,817,793,1461,1360,29978,29980,29980,29981,29981,29982,29982,29983,29985,29986,29986,29986,29989,29990,29990,29991,29992]} 1. e4 e6 2. d4 d5 3. Bd3 Nf6 4. e5 Nfd7 5. Ne2 c5 6. c3 Nc6 7. Nd2 cxd4 8. cxd4 f6 9. exf6 Nxf6 10. Nf3 Bd6 11. O-O Qc7 12. Bg5 O-O 13. Rc1 Qf7 {C06: French Tarrasch: 3...Nf6 4 e5 Nfd7 5 Bd3 main lines} (13... Ng4 14. Ng3 g6 15. Nd2 Nf6 16. Nb3 Qg7 17. Qd2 Bb4 18. Qe3 Re8 19. Qf4 Be7 20. Rfe1 Qf7 21. Bb5 Bd7 22. Nc5 Bxc5 23. Rxc5 {1-0 (43) Rublevsky,S (2702)-Naumann,A (2545) Berlin 2015}) 14. Bf4 Bxf4 15. Nxf4 Ne4 (15... Qc7 $142 16. g3 Qb6) 16. Ne2 (16. g3 $16) 16... Bd7 $14 17. Ng3 Qf4 $146 ({Predecessor:} 17... Nxg3 18. hxg3 Qf6 19. Bb5 Rfc8 20. Qd2 a6 21. Bxc6 Bxc6 {1-0 (52) Rausis,I (2490)-Sedgwick,D (2125) Isle of Man 1997}) 18. Re1 {[%cal Rg3e4]} Ng5 19. Nxg5 Qxg5 20. Bb5 Rae8 21. Bxc6 Bxc6 22. Qe2 Qf6 23. Qe3 Qf4 24. Nf1 Rf6 25. Qxf4 Rxf4 26. Rcd1 Bb5 27. g3 Rf6 28. Ne3 Rff8 29. Ng4 Rf5 {[#]} (29... Rc8 $11 {remains equal.}) 30. Rc1 $1 $16 Rff8 31. Rc5 $36 {[%mdl 2048] White is really pushing.} Bd3 32. Ne5 Ba6 33. Rec1 b6 34. Rc7 Rc8 35. R1c6 Rfe8 (35... h6 $142 36. Rxa7 Bb5) 36. Rxa7 $18 Rxc6 37. Nxc6 {[%mdl 4096] Endgame KRB-KRN} Be2 38. f4 b5 39. Kf2 Bd3 40. Ke3 Bf1 41. Rb7 Kf8 42. a3 Rc8 43. Rb8 Rxb8 44. Nxb8 {KB-KN} Ke7 45. Nc6+ Kf6 (45... Kd6 {keeps fighting.}) 46. b3 Kf7 47. Kf2 Bh3 48. g4 Ke8 49. g5 Bf5 50. Ke2 (50. Ke3 $142) 50... Bc2 $2 (50... Kd7 {is a better chance.}) 51. Na7 Bxb3 52. Kd2 Bc4 $2 {[#]} (52... b4) 53. Kc3 $1 {[%cal Rc3b4]} Kd7 54. Kb4 Kc7 {intending ...Kb6.} 55. Nxb5+ Kb6 56. Nc3 Bd3 57. Na4+ Kc6 58. Nc5 Bf5 59. Ka5 Kc7 60. Kb5 h6 61. gxh6 gxh6 62. h4 Bg4 63. a4 Be2+ 64. Kb4 Kd6 65. a5 Ke7 66. a6 {White mates.} Bxa6 67. Nxa6 {KN-K3P} Kf6 68. Nc7 Kf5 69. Kc5 Kxf4 70. Nxe6+ Kg4 71. Kxd5 Kxh4 72. Ke5 Kg3 73. d5 Kg4 {Accuracy: White = 86%, Black = 24%.} 1-0

[Event "ESP-chT Primera Division 2019"]
[Site "Linares"]
[Date "2019.08.28"]
[Round "3.13"]
[White "Alonso Alvarez, Aitor"]
[Black "Andersen, Mads"]
[Result "0-1"]
[WhiteElo "2305"]
[BlackElo "2603"]
[Annotator "TA"]
[PlyCount "140"]
[EventDate "2019.08.26"]
[EventType "team-tourn"]
[EventCountry "ESP"]
[SourceTitle "playchess.com"]
[Source "ChessBase"]
[SourceQuality "1"]

{[%evp 16,140,29,11,18,-32,-26,-29,-25,-36,-9,-20,-33,-61,-62,-62,-51,-40,-72,-79,-6,-53,-46,-209,-134,-144,-143,-136,-116,-139,-145,-145,-152,-138,-150,-138,-146,-137,-127,-122,-121,-111,-118,-120,-111,-110,-117,-133,-133,-166,-166,-166,-114,-114,-114,-118,-122,-121,-120,-121,-121,-123,-125,-118,-125,-125,-122,-121,-121,-116,-113,-108,-108,-162,-149,-243,-236,-268,-260,-242,-86,-237,-180,-154,-147,-189,-188,-228,-206,-206,-206,-761,-611,-776,-549,-496,-572,-1244,-985,-1097,-1182,-1242,-1120,-1362,-1354,-1006,-789,-991,-808,-1785,-2378,-2404,-2191,-2487,-2383,-1728,-1735,-5077,-2953,-5102,-3891,-5293,-5708,-29973,-29972,-29975,-29976]} 1. d4 Nf6 2. Nf3 g6 3. g3 Bg7 4. Bg2 d5 5. O-O c6 6. b3 O-O 7. Bb2 Bf5 8. Nbd2 a5 {[%cal Ba7a5,Ba5a4,Ba4a3][%mdl 32]} 9. c4 Qb6 {D78: Fianchetto Grünfeld: 6 0-0 c6} (9... a4 10. a3 axb3 11. Qxb3 Ra7 12. Ne5 e6 13. h3 h5 14. a4 Nfd7 15. Nd3 Qb6 16. Qc3 Qa5 17. Qc1 Bxd3 18. exd3 {1-0 (41) Paravyan,D (2634)-Mikhalevski,V (2579) St Petersburg 2018}) 10. cxd5 $146 ({Predecessor:} 10. Ne5 a4 11. e3 axb3 12. axb3 Na6 13. g4 Be6 14. f4 Qc7 15. f5 Bc8 {1-0 (47) Ortiz Suarez,I (2527)-Pasko,L (2386) Batumi 2018}) 10... cxd5 11. Ne5 a4 {Black has an edge.} 12. Rc1 a3 13. Bc3 Rc8 14. b4 Nc6 15. e3 Nxe5 16. dxe5 Ng4 17. Qb3 Nxe5 (17... e6 $17) 18. Bd4 Qb5 {Strongly threatening ...Rxc1.} 19. Qxd5 $2 (19. Bxe5 $15 Bxe5 20. Bxd5) 19... Qxd5 20. Bxd5 {[#]} Nd3 $1 21. Rxc8+ Rxc8 22. Bxg7 Kxg7 23. b5 b6 24. Bc6 {[#]} Nb4 $1 25. Nb1 Nxc6 26. bxc6 Rxc6 27. Nxa3 $17 {[%mdl 4096] Endgame KRB-KRN} Be6 28. Ra1 Rc5 29. Rb1 Ra5 30. Nc2 Rxa2 31. Nd4 Bd5 32. f3 e5 33. e4 exd4 (33... Bxe4 $1 $19 34. Ne6+ fxe6 35. fxe4 Ra4 36. Rxb6 Kf6) 34. exd5 $19 {KR-KR} d3 35. Rd1 d2 36. Kf2 Kf6 37. Ke2 Rb2 38. Kd3 Ke5 {And now ...Rb5 would win.} 39. Kc3 Ra2 40. Kb3 Ra5 41. Rxd2 Rxd5 42. Re2+ Kd6 43. Kc4 Rc5+ 44. Kb4 (44. Kd4 $17) 44... h5 45. h4 (45. f4 $17 {was worth a try.}) 45... Re5 46. Rd2+ Rd5 47. Rf2 Ke5 $2 (47... Rd1 $19 {aiming for ...Rg1.} 48. f4 Rg1) 48. Kc4 $2 (48. Re2+ $17 Kd6 49. Re8) 48... Rc5+ 49. Kd3 b5 50. Re2+ Kd6 51. Re8 Rf5 52. f4 Rd5+ 53. Ke4 $2 (53. Kc3) 53... f5+ 54. Ke3 Kc5 55. Rc8+ Kb6 56. Rf8 Rd6 57. g4 hxg4 58. h5 gxh5 59. Rxf5 Rh6 60. Rg5 Ka5 61. Kd3 Ka4 62. Kc2 b4 {[%cal Bb5b4,Bb4b3][%mdl 32]} 63. Kb2 b3 64. f5 Kb4 65. Rg6 Rh8 66. Re6 Kc4 67. f6 Kd5 68. Re7 Rf8 69. Rh7 Rxf6 70. Rxh5+ Ke4 {Accuracy: White = 31%, Black = 79%.} 0-1

[Event "ESP-chT Primera Division 2019"]
[Site "Linares"]
[Date "2019.08.28"]
[Round "3.14"]
[White "Martins, David Pires Tavares"]
[Black "Andres Gonzalez, Ivan"]
[Result "1-0"]
[WhiteElo "2427"]
[BlackElo "2284"]
[Annotator "NA RC"]
[PlyCount "87"]
[EventDate "2019.08.26"]
[EventType "team-tourn"]
[EventCountry "ESP"]
[SourceTitle "playchess.com"]
[Source "ChessBase"]
[SourceQuality "1"]
[TimeControl "5400+30"]

1. d4 {[%emt 0:00:00]} d5 {[%emt 0:00:17]} 2. c4 {[%emt 0:00:00]} e6 {[%emt 0:00:17]} 3. Nc3 {[%emt 0:00:00]} Nf6 {[%emt 0:00:30]} 4. cxd5 Nxd5 {[%emt 0:01:41]} 5. e4 {[%emt 0:00:00]} Nxc3 {[%emt 0:00:08]} 6. bxc3 {[%emt 0:00:01]} c5 {[%emt 0:01:19]} 7. Rb1 {[%emt 0:00:09]} Be7 {[%emt 0:01:42]} 8. Nf3 {[%emt 0:01:04]} O-O {[%emt 0:01:27]} 9. h4 {[%emt 0:00:18]} Nc6 {[%emt 0:08:31]} 10. h5 {[%emt 0:01:12]} cxd4 {[%emt 0:19:33]} 11. cxd4 {[%emt 0:00:06]} Bb4+ {[%emt 0:00:48]} 12. Bd2 {[%emt 0:00:24]} Bxd2+ {[%emt 0:02:24]} 13. Qxd2 {[%emt 0:00:05]} Qa5 {[%emt 0:07:37]} 14. h6 {[%emt 0:02:22]} g6 {[%emt 0:02:28]} 15. Bb5 {[%emt 0:00:29]} Qxd2+ {[%emt 0:09:44]} 16. Kxd2 {[%emt 0:00:06]} Na5 {[%emt 0:00:12]} 17. Rhc1 {[%emt 0:03:51]} a6 {[%emt 0:12:00]} 18. Bd3 {[%emt 0:00:20]} Rd8 {[%emt 0:04:25]} 19. Rc7 {[%emt 0:16:43]} Bd7 {[%emt 0:04:35]} 20. Ne5 {[%emt 0:05:31]} Be8 {[%emt 0:01:28]} 21. Ke3 {[%emt 0:00:19]} Rac8 {[%emt 0:05:23]} 22. Rbc1 {[%emt 0:00:22]} Rxc7 {[%emt 0:02:49]} 23. Rxc7 {[%emt 0:00:06]} f5 {[%emt 0:00:12]} 24. g4 {[%emt 0:10:18]} Nc6 {[%emt 0:03:21]} 25. exf5 {[%emt 0:01:43]} gxf5 {[%emt 0:02:57]} 26. gxf5 {[%emt 0:00:33]} exf5 {[%emt 0:03:50]} 27. Bxf5 {[%emt 0:01:46]} Nxd4 {[%emt 0:00:54]} 28. Rg7+ {[%emt 0:05:05]} Kf8 {[%emt 0:01:22]} 29. Bxh7 {[%emt 0:00:07]} Rd6 {[%emt 0:00:49]} 30. Rg8+ {[%emt 0:01:51]} Ke7 {[%emt 0:00:09]} 31. Be4 {[%emt 0:01:20]} Rxh6 {[%emt 0:01:32]} 32. Kxd4 {[%emt 0:00:07]} b5 {[%emt 0:00:34]} 33. Bg6 {[%emt 0:01:06]} Bxg6 {[%emt 0:00:39]} 34. Rxg6 {[%emt 0:00:07]} Rh4+ {[%emt 0:00:03]} 35. Kd5 {[%emt 0:00:15]} Ra4 {[%emt 0:00:16]} 36. Re6+ {[%emt 0:05:28]} Kf8 {[%emt 0:00:34]} 37. f4 {[%emt 0:00:13]} Rxa2 {[%emt 0:00:35]} 38. f5 {[%emt 0:00:35]} Rf2 {[%emt 0:00:59]} 39. f6 {[%emt 0:00:16]} a5 {[%emt 0:00:26]} 40. Rb6 {[%emt 0:00:29]} Kg8 {[%emt 0:00:43]} 41. Ke6 b4 {[%emt 0:00:36]} 42. Rb8+ {[%emt 0:00:26]} Kh7 {[%emt 0:00:05]} 43. Rb7+ {[%emt 0:00:05]} Kg8 {[%emt 0:00:33]} 44. Rg7+ {[%emt 0:00:11]} 1-0

[Event "ESP-chT Primera Division 2019"]
[Site "Linares"]
[Date "2019.08.28"]
[Round "3.15"]
[White "Vergara Anton, Diego"]
[Black "Sousa, Andre Ventura"]
[Result "1/2-1/2"]
[WhiteElo "2128"]
[BlackElo "2362"]
[Annotator "TA"]
[PlyCount "61"]
[EventDate "2019.08.26"]
[EventType "team-tourn"]
[EventCountry "ESP"]
[SourceTitle "playchess.com"]
[Source "ChessBase"]
[SourceQuality "1"]

{[%evp 13,61,15,25,4,18,-24,12,-2,-2,-11,-9,-23,-21,-13,-14,-8,0,0,0,-24,0,0,0,0,27,23,50,20,20,16,17,-6,0,-5,33,26,79,50,149,132,158,141,127,0,0,0,0,0,0,0]} 1. d4 Nf6 2. Nf3 g6 3. g3 Bg7 4. Bg2 d5 5. O-O c6 6. c4 dxc4 7. a4 O-O 8. Na3 {D73: Fianchetto Grünfeld: 5 Nf3} Be6 9. Ne5 Nbd7 $146 ({Predecessor:} 9... Ng4 10. Naxc4 Nxe5 11. Nxe5 Nd7 12. Nf3 Bd5 13. Qc2 Bxf3 14. Bxf3 Bxd4 {½-½ (36) Mchedlishvili,M (2603)-Malakhov,V (2686) Riadh 2017}) 10. Naxc4 Nxe5 11. Nxe5 Bd5 12. Ra3 Bxg2 13. Kxg2 Qd5+ 14. Nf3 Rac8 15. Qb3 b6 16. Bf4 Ne4 17. Rc1 Qf5 18. a5 g5 ({Don't play} 18... bxa5 $6 19. Qa2 $16) 19. Be3 b5 20. Qd3 {Strongly threatening Nxg5!} (20. Ne5 $5) 20... Qd5 {[#] aiming for ...g4.} 21. Kg1 Rfd8 22. Nd2 Nxd2 23. Qxd2 h6 (23... c5 $5) 24. Rd3 Rd6 (24... a6 $11 {keeps the balance.}) 25. Rc5 $16 Qe6 {[#]} ({Black should try} 25... Qa2 $14) 26. d5 $1 {[%cal Rd5e6]} cxd5 27. Rxc8+ ({Weaker is} 27. Rcxd5 Rxd5 28. Rxd5 a6 $11) 27... Qxc8 28. Rxd5 (28. Bxa7 $16 e6 29. Rb3) 28... Rxd5 $11 {The position is equal.} 29. Qxd5 a6 30. Bd4 e6 31. Qd6 {Accuracy: White = 63%, Black = 31%.} 1/2-1/2

[Event "ESP-chT Primera Division 2019"]
[Site "Linares"]
[Date "2019.08.28"]
[Round "3.16"]
[White "Gomez Dieguez, David"]
[Black "Gonzalez Guedes, Iyan"]
[Result "1-0"]
[WhiteElo "2296"]
[BlackElo "2115"]
[Annotator "NA"]
[PlyCount "79"]
[EventDate "2019.08.26"]
[EventType "team-tourn"]
[EventCountry "ESP"]
[SourceTitle "playchess.com"]
[Source "ChessBase"]
[SourceQuality "1"]
[TimeControl "5400+30"]

1. e4 {[%emt 0:00:00]} c5 {[%emt 0:00:00]} 2. Nc3 {[%emt 0:00:00]} Nc6 {[%emt 0:00:05]} 3. Nge2 {[%emt 0:00:00]} e5 {[%emt 0:01:05]} 4. Nd5 {[%emt 0:00:00]} Nge7 {[%emt 0:00:57]} 5. Nec3 {[%emt 0:00:12]} d6 {[%emt 0:02:12]} 6. Bc4 {[%emt 0:00:15]} Nxd5 {[%emt 0:00:40]} 7. Nxd5 {[%emt 0:00:12]} Be7 {[%emt 0:01:03]} 8. d3 {[%emt 0:03:04]} Be6 {[%emt 0:00:49]} 9. f4 {[%emt 0:05:14]} exf4 {[%emt 0:03:59]} 10. Bxf4 {[%emt 0:00:09]} O-O {[%emt 0:02:03]} 11. a4 {[%emt 0:05:59]} Bg5 {[%emt 0:10:47]} 12. O-O {[%emt 0:16:58]} Bxf4 {[%emt 0:04:39]} 13. Rxf4 {[%emt 0:00:06]} Ne5 {[%emt 0:00:49]} 14. Qh5 {[%emt 0:04:54]} Nxc4 {[%emt 0:16:38]} 15. dxc4 {[%emt 0:02:18]} Bxd5 {[%emt 0:00:26]} 16. cxd5 {[%emt 0:04:10]} Qe7 {[%emt 0:03:54]} 17. Raf1 {[%emt 0:20:59]} Rae8 {[%emt 0:03:06]} 18. Rh4 {[%emt 0:03:28]} h6 {[%emt 0:00:39]} 19. Rg4 {[%emt 0:03:24]} Kh7 {[%emt 0:04:28]} 20. c3 {[%emt 0:01:06]} b6 {[%emt 0:06:17]} 21. Rgf4 {[%emt 0:06:28]} Kg8 {[%emt 0:01:52]} 22. Rg4 {[%emt 0:04:26]} Kh7 {[%emt 0:01:21]} 23. Rf3 {[%emt 0:01:25]} g6 {[%emt 0:05:26]} 24. Qh3 {[%emt 0:00:04]} f5 {[%emt 0:01:16]} 25. Rh4 {[%emt 0:04:02]} Qg5 {[%emt 0:01:42]} 26. Rhf4 {[%emt 0:00:04]} Re5 {[%emt 0:02:40]} 27. Rf1 {[%emt 0:06:03]} Kg7 {[%emt 0:04:29]} 28. c4 {[%emt 0:00:53]} Rf7 {[%emt 0:02:47]} 29. Qc3 {[%emt 0:00:43]} Qf6 {[%emt 0:03:10]} 30. exf5 {[%emt 0:00:55]} Rxf5 {[%emt 0:02:57]} 31. Rxf5 {[%emt 0:00:40]} gxf5 {[%emt 0:00:01]} 32. Rxf5 {[%emt 0:00:54]} Qxc3 {[%emt 0:00:53]} 33. Rxf7+ {[%emt 0:00:01]} Kxf7 {[%emt 0:00:06]} 34. bxc3 {[%emt 0:00:02]} Kf6 {[%emt 0:01:35]} 35. Kf2 {[%emt 0:00:08]} Ke5 {[%emt 0:02:28]} 36. Kf3 {[%emt 0:00:37]} a6 {[%emt 0:00:46]} 37. g4 {[%emt 0:00:40]} Kf6 {[%emt 0:02:21]} 38. Kf4 {[%emt 0:00:11]} Kg6 {[%emt 0:01:01]} 39. h4 {[%emt 0:00:14]} a5 {[%emt 0:00:05]} 40. g5 {[%emt 0:01:21]} 1-0

[Event "ESP-chT Primera Division 2019"]
[Site "Linares"]
[Date "2019.08.28"]
[Round "3.17"]
[White "Badillo Ramos, Steve"]
[Black "Gomez Dieguez, Adrian"]
[Result "1/2-1/2"]
[WhiteElo "1967"]
[BlackElo "2295"]
[Annotator "NA"]
[PlyCount "86"]
[EventDate "2019.08.26"]
[EventType "team-tourn"]
[EventCountry "ESP"]
[SourceTitle "playchess.com"]
[Source "ChessBase"]
[SourceQuality "1"]
[TimeControl "5400+30"]

1. e4 {[%emt 0:00:00]} e5 {[%emt 0:00:00]} 2. Nf3 {[%emt 0:00:00]} Nc6 {[%emt 0:00:00]} 3. Nc3 {[%emt 0:00:36]} Nf6 {[%emt 0:00:37]} 4. d4 {[%emt 0:00:17]} exd4 {[%emt 0:00:06]} 5. Nxd4 {[%emt 0:00:07]} Bb4 {[%emt 0:00:06]} 6. Nxc6 {[%emt 0:00:21]} bxc6 {[%emt 0:00:04]} 7. Bd3 {[%emt 0:00:09]} d5 {[%emt 0:01:19]} 8. exd5 {[%emt 0:00:10]} O-O {[%emt 0:00:05]} 9. O-O {[%emt 0:00:09]} cxd5 {[%emt 0:00:02]} 10. h3 {[%emt 0:00:10]} Be6 {[%emt 0:09:28]} 11. Qf3 {[%emt 0:01:05]} c5 {[%emt 0:11:21]} 12. a3 {[%emt 0:12:16]} Ba5 {[%emt 0:03:05]} 13. Bg5 {[%emt 0:05:00]} h6 {[%emt 0:01:04]} 14. Bxf6 {[%emt 0:00:19]} Qxf6 {[%emt 0:00:07]} 15. Nxd5 {[%emt 0:00:44]} Qxf3 {[%emt 0:01:55]} 16. Ne7+ {[%emt 0:00:09]} Kh8 {[%emt 0:00:03]} 17. gxf3 {[%emt 0:00:07]} Bxh3 {[%emt 0:01:58]} 18. Rfd1 {[%emt 0:01:02]} Rae8 {[%emt 0:04:33]} 19. Nd5 {[%emt 0:14:52]} Re5 {[%emt 0:01:16]} 20. Bc4 {[%emt 0:00:31]} Rfe8 {[%emt 0:09:59]} 21. b4 {[%emt 0:06:07]} Bb6 {[%emt 0:18:56]} 22. Nxb6 {[%emt 0:01:35]} axb6 {[%emt 0:00:04]} 23. Bxf7 {[%emt 0:01:57]} Rf8 {[%emt 0:00:15]} 24. Rd5 {[%emt 0:01:01]} Re2 {[%emt 0:05:37]} 25. Bg6 {[%emt 0:00:17]} Be6 {[%emt 0:02:01]} 26. Rd6 {[%emt 0:00:56]} Bf5 {[%emt 0:00:04]} 27. Rxb6 {[%emt 0:11:54]} Bxg6 {[%emt 0:01:50]} 28. Rxg6 {[%emt 0:00:09]} Rxf3 {[%emt 0:00:02]} 29. b5 {[%emt 0:05:04]} Rxc2 {[%emt 0:10:57]} 30. Rb1 {[%emt 0:01:22]} Kh7 {[%emt 0:00:08]} 31. Rg3 {[%emt 0:00:35]} Rf7 {[%emt 0:00:04]} 32. b6 {[%emt 0:03:10]} Rb7 {[%emt 0:00:04]} 33. a4 {[%emt 0:00:10]} Ra2 {[%emt 0:00:15]} 34. Rg4 {[%emt 0:00:06]} Rc2 {[%emt 0:02:39]} 35. a5 {[%emt 0:00:25]} Ra2 {[%emt 0:00:04]} 36. Rb5 {[%emt 0:00:06]} Ra1+ {[%emt 0:00:52]} 37. Kg2 {[%emt 0:03:01]} Ra2 {[%emt 0:00:06]} 38. Rxc5 {[%emt 0:01:33]} Rf7 {[%emt 0:00:05]} 39. Kh1 {[%emt 0:03:01]} Rfxf2 {[%emt 0:01:08]} 40. Rb5 {[%emt 0:01:51]} Rf1+ {[%emt 0:01:18]} 41. Rg1 {[%emt 0:00:06]} Rff2 {[%emt 0:00:03]} 42. Rg4 {[%emt 0:00:08]} Rf1+ {[%emt 0:00:04]} 43. Rg1 {[%emt 0:00:05]} Rff2 {[%emt 0:00:04]} 1/2-1/2

[Event "ESP-chT Primera Division 2019"]
[Site "Linares"]
[Date "2019.08.28"]
[Round "3.18"]
[White "Hernandez Estevez, Yudania"]
[Black "Bermudez Revuelta, Paula"]
[Result "1-0"]
[WhiteElo "2247"]
[BlackElo "1702"]
[Annotator "NA"]
[PlyCount "129"]
[EventDate "2019.08.26"]
[EventType "team-tourn"]
[EventCountry "ESP"]
[SourceTitle "playchess.com"]
[Source "ChessBase"]
[SourceQuality "1"]
[TimeControl "5400+30"]

1. e4 {[%emt 0:00:00]} c5 {[%emt 0:00:00]} 2. Nc3 {[%emt 0:00:18]} d6 {[%emt 0:00:00]} 3. Nge2 {[%emt 0:00:24]} e6 {[%emt 0:02:02]} 4. d4 {[%emt 0:00:51]} cxd4 {[%emt 0:00:06]} 5. Nxd4 {[%emt 0:00:05]} Nf6 {[%emt 0:00:24]} 6. g3 {[%emt 0:00:45]} Be7 {[%emt 0:03:06]} 7. Bg2 {[%emt 0:00:16]} O-O {[%emt 0:01:53]} 8. O-O {[%emt 0:01:05]} Nbd7 {[%emt 0:01:44]} 9. a4 {[%emt 0:02:40]} a6 {[%emt 0:03:58]} 10. a5 {[%emt 0:06:33]} Qc7 {[%emt 0:02:12]} 11. f4 {[%emt 0:06:22]} Nc5 {[%emt 0:04:17]} 12. g4 {[%emt 0:06:49]} d5 {[%emt 0:11:09]} 13. e5 {[%emt 0:11:31]} Nfe4 {[%emt 0:01:21]} 14. Nxe4 {[%emt 0:00:20]} Nxe4 {[%emt 0:00:43]} 15. Be3 {[%emt 0:05:22]} Bb4 {[%emt 0:05:22]} 16. Bxe4 {[%emt 0:02:03]} dxe4 {[%emt 0:00:24]} 17. Nb3 {[%emt 0:01:16]} Bd7 {[%emt 0:09:48]} 18. Bb6 {[%emt 0:00:37]} Qc8 {[%emt 0:00:36]} 19. Qd4 {[%emt 0:04:37]} Be7 {[%emt 0:03:21]} 20. Rad1 {[%emt 0:01:57]} Bc6 {[%emt 0:04:44]} 21. f5 {[%emt 0:03:58]} exf5 22. gxf5 {[%emt 0:00:20]} Bg5 {[%emt 0:04:08]} 23. Qf2 {[%emt 0:03:52]} Bb5 {[%emt 0:10:43]} 24. Rfe1 {[%emt 0:01:58]} Bd7 {[%emt 0:00:19]} 25. Qg3 {[%emt 0:02:45]} Bh6 {[%emt 0:02:49]} 26. f6 {[%emt 0:05:58]} Bf5 {[%emt 0:00:53]} 27. Be3 {[%emt 0:06:21]} Bxe3+ {[%emt 0:00:27]} 28. Rxe3 {[%emt 0:00:05]} Bg6 {[%emt 0:00:20]} 29. Rc3 {[%emt 0:01:12]} Qf5 {[%emt 0:01:01]} 30. Nd4 {[%emt 0:03:04]} Qh5 31. Rf1 {[%emt 0:01:11]} Rfd8 {[%emt 0:04:46]} 32. Nf5 {[%emt 0:00:33]} Rd1 {[%emt 0:00:44]} 33. Ne3 {[%emt 0:06:35]} Rxf1+ {[%emt 0:01:47]} 34. Kxf1 {[%emt 0:00:19]} Rd8 {[%emt 0:03:28]} 35. e6 {[%emt 0:08:10]} Qb5+ {[%emt 0:01:07]} 36. Kg1 {[%emt 0:02:31]} fxe6 {[%emt 0:01:22]} 37. Rb3 {[%emt 0:01:44]} Qc6 {[%emt 0:02:54]} 38. h4 {[%emt 0:02:01]} Qd7 {[%emt 0:01:34]} 39. Rc3 {[%emt 0:00:32]} Qf7 {[%emt 0:02:16]} 40. fxg7 {[%emt 0:00:59]} Qf3 {[%emt 0:01:53]} 41. Nf1 {[%emt 0:00:31]} Qxg3+ {[%emt 0:01:23]} 42. Rxg3 {[%emt 0:00:23]} Rd5 {[%emt 0:01:03]} 43. Rb3 {[%emt 0:00:19]} Rb5 {[%emt 0:00:51]} 44. Rxb5 {[%emt 0:01:09]} axb5 {[%emt 0:00:01]} 45. Kf2 {[%emt 0:00:14]} Kxg7 {[%emt 0:00:08]} 46. Nd2 {[%emt 0:00:24]} e3+ {[%emt 0:00:18]} 47. Kxe3 {[%emt 0:00:11]} Bxc2 {[%emt 0:00:02]} 48. b4 {[%emt 0:00:13]} Kf6 {[%emt 0:00:27]} 49. Kd4 {[%emt 0:00:32]} e5+ {[%emt 0:02:31]} 50. Kc5 {[%emt 0:00:29]} Bf5 {[%emt 0:00:08]} 51. Kb6 {[%emt 0:00:15]} e4 {[%emt 0:00:36]} 52. Nf1 {[%emt 0:00:36]} Bc8 {[%emt 0:00:38]} 53. Kc7 {[%emt 0:00:05]} Bh3 {[%emt 0:00:04]} 54. Ne3 {[%emt 0:00:05]} Be6 {[%emt 0:01:16]} 55. Kxb7 {[%emt 0:00:13]} Ke5 {[%emt 0:00:25]} 56. a6 {[%emt 0:02:09]} Kd4 {[%emt 0:00:08]} 57. Nc2+ {[%emt 0:01:09]} Kd3 {[%emt 0:01:41]} 58. Kc6 {[%emt 0:00:26]} e3 {[%emt 0:01:09]} 59. Nxe3 {[%emt 0:00:39]} Kxe3 {[%emt 0:00:07]} 60. a7 {[%emt 0:00:12]} Bf5 {[%emt 0:00:25]} 61. Kxb5 {[%emt 0:00:09]} Be4 {[%emt 0:00:17]} 62. Kc5 {[%emt 0:00:19]} Ba8 {[%emt 0:03:31]} 63. b5 {[%emt 0:00:14]} Ke4 {[%emt 0:00:10]} 64. Kd6 {[%emt 0:00:12]} Kd4 {[%emt 0:01:06]} 65. b6 {[%emt 0:00:08] Kd5+} 1-0

[Event "ESP-chT Primera Division 2019"]
[Site "Linares"]
[Date "2019.08.28"]
[Round "3.19"]
[White "Kokarev, Dmitry"]
[Black "Cori, Jorge"]
[Result "1/2-1/2"]
[WhiteElo "2598"]
[BlackElo "2686"]
[Annotator "TA"]
[PlyCount "85"]
[EventDate "2019.08.26"]
[EventType "team-tourn"]
[EventCountry "ESP"]
[SourceTitle "playchess.com"]
[Source "ChessBase"]
[SourceQuality "1"]

{[%evp 26,85,6,0,0,0,10,0,0,0,0,0,0,0,12,8,15,17,10,10,20,9,13,5,4,6,8,0,0,0,0,0,0,0,0,-5,0,0,0,0,0,-8,-7,-13,0,0,0,-10,-10,-18,-8,-20,-5,-5,0,-18,0,-6,0,-18,0,-6]} 1. e4 c5 2. Nf3 Nc6 3. d4 cxd4 4. Nxd4 e5 5. Nb5 d6 6. N1c3 a6 7. Na3 b5 8. Nd5 Nf6 9. Bg5 Be7 10. Bxf6 Bxf6 11. c3 Rb8 12. Nc2 Bg5 13. g3 O-O 14. Bg2 {The position is equal.} Ne7 {B33: Sicilian: Pelikan and Sveshnikov Variations} (14... a5 15. O-O b4 16. cxb4 axb4 17. b3 Be6 18. Qd3 Qa5 19. a3 bxa3 20. Rxa3 Qb5 21. Qxb5 Rxb5 22. Nc7 Rc5 23. Nxe6 fxe6 {½-½ (39) Lei,T (2447)-Deac,B (2603) Caleta 2019}) 15. Ncb4 Bb7 16. Qd3 $146 ({Predecessor:} 16. O-O a5 17. Nxe7+ Bxe7 18. Nd5 Bxd5 19. Qxd5 Qb6 20. Bh3 Rb7 21. Kh1 Rc7 22. f4 {0-1 (59) Fernandez Aguado,J (2242)-Grothe,T (2257) Baden 2014}) 16... a5 17. Nxe7+ Qxe7 18. Nd5 Bxd5 19. Qxd5 Rfc8 20. h4 Bf6 21. O-O Rc5 22. Qd2 b4 23. Rac1 Qc7 24. cxb4 Rxb4 25. Rxc5 dxc5 26. Rc1 Be7 27. b3 Rd4 28. Qe3 Qb7 29. Bf3 g6 30. Rd1 Qd7 31. Rxd4 cxd4 32. Qd3 Kg7 33. h5 Bb4 34. hxg6 hxg6 35. Bd1 Qc6 36. Qc2 (36. Be2 {is more complex.} Be7 37. Kg2 Bg5 38. Qf3 Qc2 39. Bc4) 36... Qxc2 37. Bxc2 $11 {[%mdl 4096] Endgame KB-KB} Kf6 38. Bd3 Kg5 39. Kg2 f5 40. f3 Bd6 41. Kf2 Bb4 42. Kg2 Bd6 43. Kf2 {Accuracy: White = 58%, Black = 48%.} 1/2-1/2